| 000 | 00403nam a22001697a 4500 | ||
|---|---|---|---|
| 003 | SGT | ||
| 020 | _a9789390020096 | ||
| 082 |
_a616.2 _bC20P |
||
| 100 | _aPRASAD, RAJENDRA | ||
| 245 | _a100 CASES IN PULMONARY MEDICINE | ||
| 250 | _a1ST | ||
| 260 |
_aINDIA _bJAYPEE PUB _c2020 |
||
| 300 | _a367 | ||
| 650 | _a PULMONARY MEDICINE | ||
| 653 | _a100 CASES IN PULMONARY MEDICINE | ||
| 942 |
_2ddc _cBK |
||
| 999 |
_c25368 _d25368 |
||